[Event "Hilton Open 2012"]
[Site "Basel"]
[Date "2012.01.02"]
[Round "3"]
[White "Terraz, Christian"]
[Black "Toth, Bela"]
[Result "0-1"]
[WhiteElo "2130"]
[BlackElo "2350"]
[PlyCount "108"]
[EventDate "2012.??.??"]
[EventRounds "7"]
[EventCountry "SUI"]
[SourceDate "2012.01.01"]

1. c4 e5 2. Nc3 Nf6 3. g3 Bb4 4. Bg2 Bxc3 5. bxc3 O-O 6. e4 d6 7. Ne2 b6 8. O-O
Bb7 9. d3 Nbd7 10. h3 Re8 11. f4 h6 12. Be3 c6 13. fxe5 dxe5 14. Qd2 Re6 15. g4
Nc5 16. Rad1 Rd6 17. Bxc5 bxc5 18. Ng3 Nh7 19. Nf5 Rg6 20. Qf2 Qf8 21. d4 cxd4
22. cxd4 exd4 23. e5 Bc8 24. Nd6 Be6 25. Bxc6 Rb8 26. Be4 Ng5 27. Bg2 h5 28. h4
Bxg4 29. hxg5 Bxd1 30. Rxd1 Rxg5 31. Qxd4 Qe7 32. Re1 Rg4 33. Qf2 Rf8 34. c5
Qg5 35. c6 h4 36. Kh2 Rg3 37. Bh3 Rc3 38. Nf5 Rd8 39. Rg1 Rd2 40. Rxg5 Rxf2+
41. Rg2 Rff3 42. Bg4 Rfd3 43. Be2 Rh3+ 44. Kg1 Rc1+ 45. Kf2 Kf8 46. Nd4 Rhh1
47. e6 fxe6 48. Nxe6+ Ke7 49. c7 h3 50. Rxg7+ Kxe6 51. Bg4+ Kf6 52. Rh7 Kg6 53.
Re7 h2 54. Kg2 Rhg1+ 0-1

[Event "Hilton Open 2012"]
[Site "Basel"]
[Date "2012.01.02"]
[Round "3"]
[White "Grandadam, Nicolas"]
[Black "Arounopoulos, Stephan"]
[Result "1-0"]
[WhiteElo "2342"]
[BlackElo "2116"]
[PlyCount "125"]
[EventDate "2012.??.??"]
[EventRounds "7"]
[EventCountry "SUI"]
[SourceDate "2012.01.01"]

1. Nf3 Nf6 2. c4 g6 3. Nc3 Bg7 4. e4 d6 5. d4 O-O 6. Be2 e5 7. O-O Nc6 8. d5
Ne7 9. Ne1 Nd7 10. f3 f5 11. g4 Nf6 12. Nd3 f4 13. h4 Kh8 14. Kg2 Neg8 15. Rh1
Bd7 16. Bd2 Rf7 17. c5 Qe7 18. cxd6 cxd6 19. Nf2 Raf8 20. Kf1 Rc8 21. Rc1 Bf8
22. Qb3 Be8 23. Bd3 Qd8 24. Ke2 Rfc7 25. Nb5 Rxc1 26. Bxc1 Qb6 27. Na3 Qxb3 28.
axb3 Bd7 29. Bd2 Be7 30. Bb4 Ne8 31. Nc4 b6 32. Nd1 Kg7 33. Be1 Nc7 34. Na3 Kf7
35. Bf2 Nf6 36. Nc3 Ke8 37. Nc2 Kd8 38. b4 Ra8 39. b5 Kc8 40. Nb4 Kb7 41. Nc6
Bf8 42. Ra1 Be8 43. Ra3 Bd7 44. Na2 Be8 45. Nab4 Bd7 46. Bc4 Be8 47. Ra1 Nd7
48. Nd3 Bf7 49. Be1 Be8 50. Bc3 Bf7 51. Bb4 Bg8 52. Be1 Bf7 53. Bf2 Be8 54.
Ndb4 Bf7 55. Bd3 Bg8 56. Na6 Ne8 57. Kd2 Bf7 58. Bf1 Bg7 59. b4 Bf8 60. g5 Bg7
61. Bh3 Nf8 62. Rc1 Bg8 63. Ncb8 1-0

[Event "Hilton Open 2012"]
[Site "Basel"]
[Date "2012.01.02"]
[Round "3"]
[White "Seitz, Benjamin"]
[Black "Milosevic, Goran"]
[Result "1-0"]
[WhiteElo "2128"]
[BlackElo "2340"]
[PlyCount "95"]
[EventDate "2012.??.??"]
[EventRounds "7"]
[EventCountry "SUI"]
[SourceDate "2012.01.01"]

1. d4 Nf6 2. c4 e6 3. Nf3 Bb4+ 4. Nbd2 O-O 5. a3 Bxd2+ 6. Bxd2 b6 7. g3 Bb7 8.
Bg2 d6 9. O-O Nbd7 10. Qc2 Be4 11. Qc3 c5 12. b4 cxd4 13. Qxd4 Qc7 14. Rac1
Rfd8 15. Rfd1 Rac8 16. Bc3 Bxf3 17. Bxf3 Ne5 18. Qf4 Ng6 19. Qe3 Nd7 20. Be4
Nde5 21. Bxg6 Nxg6 22. h4 h6 23. Bb2 Qe7 24. f4 f5 25. h5 Nf8 26. Qf3 Qe8 27.
g4 fxg4 28. Qxg4 Rc7 29. Rc3 e5 30. Rg3 Ne6 31. fxe5 dxe5 32. Rxd8 Nxd8 33. Qf5
Re7 34. b5 Nb7 35. Rd3 Re6 36. Rd5 Nd6 37. Qg4 Nf7 38. a4 Qe7 39. c5 bxc5 40.
Ba3 Ng5 41. Bxc5 Qf7 42. Rd8+ Kh7 43. Rf8 Qc7 44. Be3 e4 45. Qf5+ g6 46. hxg6+
Rxg6 47. Bxg5 Kg7 48. Rg8+ 1-0

[Event "Hilton Open 2012"]
[Site "Basel"]
[Date "2012.01.02"]
[Round "3"]
[White "Staechelin, Ruedi"]
[Black "Metz, Hartmut"]
[Result "0-1"]
[WhiteElo "2079"]
[BlackElo "2319"]
[PlyCount "84"]
[EventDate "2012.??.??"]
[EventRounds "7"]
[EventCountry "SUI"]
[SourceDate "2012.01.01"]

1. e4 c6 2. c4 d5 3. cxd5 cxd5 4. exd5 Nf6 5. Nc3 g6 6. Bc4 Bg7 7. Nge2 O-O 8.
O-O Na6 9. d3 Nc7 10. Qb3 a6 11. a4 b5 12. axb5 axb5 13. Rxa8 bxc4 14. Rxc8
cxb3 15. Rxd8 Rxd8 16. Nd4 Nfxd5 17. Nxb3 Nxc3 18. bxc3 Rxd3 19. Bb2 Nd5 20.
Nc5 Rd2 21. Na4 Rc2 22. Rc1 Rxc1+ 23. Bxc1 Bxc3 24. Nc5 Bd4 25. Nd3 e5 26. g4
f5 27. gxf5 gxf5 28. Kg2 Kf7 29. f3 Ke6 30. Bh6 Ne7 31. Bd2 Kd5 32. Bg5 Nc6 33.
Nc1 Kc4 34. Ne2 Kd3 35. Nc1+ Kc2 36. Ne2 Kd1 37. Ng3 f4 38. Ne4 Ke2 39. Bf6 Nb4
40. Ng5 Nc2 41. Nxh7 e4 42. Ng5 exf3+ 0-1

[Event "Hilton Open 2012"]
[Site "Basel"]
[Date "2012.01.02"]
[Round "3"]
[White "Vulevic, Vjekoslav"]
[Black "Graeber, Fabien"]
[Result "0-1"]
[WhiteElo "2294"]
[BlackElo "2074"]
[PlyCount "110"]
[EventDate "2012.??.??"]
[EventRounds "7"]
[EventCountry "SUI"]
[SourceDate "2012.01.01"]

1. e4 e6 2. Nc3 d5 3. g3 Nf6 4. Bg2 Be7 5. d3 O-O 6. Nge2 a6 7. O-O d4 8. Nb1
c5 9. a4 Nc6 10. h3 Ne8 11. Nd2 Rb8 12. f4 e5 13. Nf3 f6 14. g4 b5 15. axb5
axb5 16. f5 Bd7 17. Rf2 Nd6 18. Bf1 Ra8 19. Rb1 c4 20. Ng3 Be8 21. h4 Bf7 22.
g5 cxd3 23. cxd3 Ba2 24. Ra1 Bf7 25. Rxa8 Qxa8 26. h5 Qa4 27. Qe1 Rc8 28. g6
Bb3 29. gxh7+ Kxh7 30. h6 Nf7 31. hxg7 Kxg7 32. Nh5+ Kf8 33. Rg2 Ncd8 34. Bd2
Bd1 35. Qg3 Ke8 36. Ng7+ Kd7 37. Nh4 Rc2 38. Ne6 Rxb2 39. Qg8 Qa2 40. Be1 Rxg2+
41. Nxg2 Bb3 42. Nf8+ Kc8 43. Ng6 Bc5 44. Qe8 Qa6 45. Ne7+ Kc7 46. Nh4 b4 47.
Nhg6 Ba4 48. Nd5+ Kb8 49. Qg8 b3 50. Nh8 b2 51. Nxf7 b1=Q 52. Qxd8+ Qc8 53.
Qxf6 Qxe1 54. Qxe5+ Ka7 55. Qf4 Bb3 0-1

[Event "Hilton Open 2012"]
[Site "Basel"]
[Date "2012.01.02"]
[Round "3"]
[White "Alfred, Nathan"]
[Black "Paul, Mathias"]
[Result "1-0"]
[WhiteElo "2288"]
[BlackElo "2073"]
[PlyCount "67"]
[EventDate "2012.??.??"]
[EventRounds "7"]
[EventCountry "SUI"]
[SourceDate "2012.01.01"]

1. d4 Nf6 2. Nf3 g6 3. c4 Bg7 4. Nc3 d6 5. e4 O-O 6. Be2 e5 7. O-O Nc6 8. d5
Ne7 9. Bg5 Ne8 10. Nd2 h6 11. Bh4 f5 12. exf5 gxf5 13. Nb3 Nf6 14. c5 Ng6 15.
Bxf6 Bxf6 16. g3 Kh7 17. Rc1 a6 18. Kh1 Rb8 19. Rc2 Bd7 20. Bf3 Qe7 21. c6 Be8
22. cxb7 e4 23. Bg2 Rxb7 24. Nd4 Bd7 25. Nc6 Qg7 26. Qe2 Rb6 27. f3 Bxc6 28.
dxc6 Bxc3 29. Rxc3 d5 30. fxe4 fxe4 31. Rxf8 Qxf8 32. Rc1 Qd6 33. Qf2 Ne5 34.
Qxb6 1-0

[Event "Hilton Open 2012"]
[Site "Basel"]
[Date "2012.01.02"]
[Round "3"]
[White "Sevenyuk, Alexey"]
[Black "Xheladini, Mahmut"]
[Result "0-1"]
[WhiteElo "1916"]
[BlackElo "2278"]
[PlyCount "82"]
[EventDate "2012.??.??"]
[EventRounds "7"]
[EventCountry "SUI"]
[SourceDate "2012.01.01"]

1. e4 c6 2. d4 d6 3. Nf3 Nd7 4. Be2 Qc7 5. Nc3 e5 6. O-O Ngf6 7. b3 Be7 8. a4
h6 9. Ba3 Nf8 10. Qd2 g5 11. dxe5 dxe5 12. Bxe7 Qxe7 13. Rfd1 Ng6 14. Qd6 Bg4
15. Rd2 Qxd6 16. Rxd6 Ke7 17. Rd2 Bxf3 18. Bxf3 Nf4 19. g3 g4 20. Bg2 Ne6 21.
Ne2 a5 22. Rad1 h5 23. f4 gxf3 24. Bxf3 Rag8 25. Kh1 h4 26. gxh4 Rxh4 27. Nc3
Rg3 28. Rf2 Rhh3 29. Rdf1 Nf4 30. Ne2 Rxf3 31. Rxf3 Rxf3 32. Rxf3 Nxe2 33. Re3
Nd4 34. c4 Ng4 35. Rg3 Nf2+ 36. Kg2 Nxe4 37. Rg8 Nxb3 38. h4 Nbc5 39. h5 Nf6
40. h6 Ncd7 41. c5 Nxc5 0-1

[Event "Hilton Open 2012"]
[Site "Basel"]
[Date "2012.01.02"]
[Round "3"]
[White "Stankovic, Zeljko"]
[Black "Mueller, Louis"]
[Result "1-0"]
[WhiteElo "2200"]
[BlackElo "1828"]
[PlyCount "49"]
[EventDate "2012.??.??"]
[EventRounds "7"]
[EventCountry "SUI"]
[SourceDate "2012.01.01"]

1. d4 f5 2. g3 Nf6 3. Bg2 e6 4. c4 Bb4+ 5. Bd2 Bxd2+ 6. Nxd2 d5 7. Nh3 Nc6 8.
e3 O-O 9. O-O e5 10. dxe5 Nxe5 11. cxd5 Nxd5 12. Nc4 Nxe3 13. Qxd8 Rxd8 14.
Nxe3 c6 15. Rfd1 Rxd1+ 16. Rxd1 Be6 17. b3 Nf7 18. Nf4 Bc8 19. h4 g6 20. Nc4
Kg7 21. Nd6 h6 22. Nxf7 Kxf7 23. Rd8 Ke7 24. Rg8 Kf7 25. Rxg6 1-0

[Event "Hilton Open 2012"]
[Site "Basel"]
[Date "2012.01.02"]
[Round "3"]
[White "Dobosz, Henryk"]
[Black "Eidinger, Helmut"]
[Result "1-0"]
[WhiteElo "2396"]
[BlackElo "2104"]
[PlyCount "49"]
[EventDate "2012.??.??"]
[EventRounds "7"]
[EventCountry "SUI"]
[SourceDate "2012.01.01"]

1. c4 g6 2. d4 Nf6 3. Nc3 d5 4. Nf3 Bg7 5. Bg5 Ne4 6. Bh4 Nxc3 7. bxc3 c5 8.
cxd5 Qxd5 9. e3 cxd4 10. cxd4 Nc6 11. Bd3 Bg4 12. O-O O-O 13. h3 Bxf3 14. Qxf3
Qxf3 15. gxf3 Rfd8 16. Rab1 Rd7 17. Be4 Nd8 18. Rfc1 h6 19. f4 f5 20. Bf3 Rb8
21. Bd1 a6 22. Rb6 Kh7 23. Bb3 Bf8 24. Ba4 Rd5 25. Rc7 1-0

[Event "Hilton Open 2012"]
[Site "Basel"]
[Date "2012.01.02"]
[Round "3"]
[White "Garner, David"]
[Black "Bender, Dirk"]
[Result "1-0"]
[WhiteElo "2165"]
[BlackElo "2069"]
[PlyCount "89"]
[EventDate "2012.??.??"]
[EventRounds "7"]
[EventCountry "SUI"]
[SourceDate "2012.01.01"]

1. d4 c5 2. d5 e6 3. c4 Nf6 4. Nf3 exd5 5. cxd5 d6 6. Nc3 g6 7. Bf4 a6 8. e4
Bg7 9. Qa4+ Kf8 10. Be2 Nh5 11. Bg5 f6 12. Be3 Qe8 13. Qxe8+ Kxe8 14. a4 Bf8
15. Nd2 Ng7 16. Nc4 Nd7 17. a5 Rb8 18. Ra3 Be7 19. O-O Kf7 20. f4 Kg8 21. Bd2
h6 22. Na4 Kh7 23. Nab6 Nxb6 24. Nxb6 Re8 25. Bf3 Rd8 26. b4 Ne8 27. bxc5 dxc5
28. Ra4 Bd6 29. Re1 Bd7 30. Nxd7 Rxd7 31. e5 Bc7 32. Rc4 b6 33. Bc3 fxe5 34.
fxe5 bxa5 35. Kf1 Nd6 36. exd6 Bxd6 37. Kg1 Rb5 38. Re8 Rb8 39. Rce4 Rdd8 40.
Rxd8 Rxd8 41. Re6 c4 42. Be4 Bc5+ 43. Kf1 Rf8+ 44. Ke2 Bb4 45. Be5 1-0

[Event "Hilton Open 2012"]
[Site "Basel"]
[Date "2012.01.02"]
[Round "3"]
[White "Moser, Guido"]
[Black "Borda, Alan"]
[Result "0-1"]
[WhiteElo "1994"]
[BlackElo "2157"]
[PlyCount "88"]
[EventDate "2012.??.??"]
[EventRounds "7"]
[EventCountry "SUI"]
[SourceDate "2012.01.01"]

1. d4 Nf6 2. Nf3 g6 3. e3 Bg7 4. Bd3 O-O 5. O-O d5 6. Nbd2 Nbd7 7. b3 b6 8. Bb2
Bb7 9. c4 e6 10. Qc2 c5 11. Rfe1 Rc8 12. Rad1 Qc7 13. Ne5 cxd4 14. exd4 Nxe5
15. dxe5 Ng4 16. Nf3 dxc4 17. Qxc4 Qxc4 18. Bxc4 Rfd8 19. Be2 Rxd1 20. Bxd1 Rc5
21. b4 Rb5 22. a3 Rd5 23. h3 Nh6 24. Bb3 Rd7 25. Nd4 Bd5 26. Bxd5 Rxd5 27. Nc6
Rd7 28. g4 Bf8 29. Bc1 Kg7 30. Kf1 Ng8 31. Ke2 Ne7 32. Nxe7 Bxe7 33. Be3 Rd5
34. f4 g5 35. Rc1 gxf4 36. Bxf4 a5 37. bxa5 Rxa5 38. Rb1 b5 39. Bd2 Rxa3 40.
Rxb5 Rxh3 41. Be3 Rh2+ 42. Kf3 Rc2 43. Rb7 Bd8 44. Ra7 Rc3 0-1

[Event "Hilton Open 2012"]
[Site "Basel"]
[Date "2012.01.02"]
[Round "3"]
[White "Schmidt, Ralf"]
[Black "Suter, Stephan"]
[Result "1-0"]
[WhiteElo "2156"]
[BlackElo "2032"]
[PlyCount "157"]
[EventDate "2012.??.??"]
[EventRounds "7"]
[EventCountry "SUI"]
[SourceDate "2012.01.01"]

1. e4 e6 2. d3 d5 3. Nd2 c5 4. Ngf3 Nc6 5. g3 Nf6 6. Bg2 Be7 7. O-O b5 8. Re1
a5 9. e5 Nd7 10. Nf1 b4 11. h4 a4 12. a3 bxa3 13. bxa3 Ba6 14. N1h2 Rb8 15. Bg5
h6 16. Bf4 g5 17. hxg5 hxg5 18. Bd2 Rg8 19. Ng4 Nd4 20. Nxd4 cxd4 21. Qc1 Rc8
22. Qb2 Qb6 23. Bb4 Rb8 24. Rab1 Bxb4 25. axb4 Bb5 26. Nf6+ Nxf6 27. exf6 Kd8
28. Re5 Rg6 29. Qc1 Rc8 30. Bf1 Qc7 31. Rxg5 Rxg5 32. Qxg5 Qxc2 33. Qg8+ Be8
34. Re1 Kc7 35. Qf8 a3 36. b5 Qc3 37. Rb1 Bxb5 38. Qxf7+ Bd7 39. Rb7+ Kxb7 40.
Qxd7+ Qc7 41. Qxe6 Qd8 42. Bg2 Rc1+ 43. Kh2 Rc5 44. f7 Qh8+ 45. Bh3 a2 46. Qe7+
Kb6 47. f8=Q Qxf8 48. Qxf8 a1=Q 49. Qd6+ Rc6 50. Qxd5 Qc3 51. Qe4 Qb2 52. Kg2
Rf6 53. Bf5 Qa1 54. Qe5 Rh6 55. Qb8+ Kc5 56. Qf8+ Rd6 57. Qe7 Qa8+ 58. Be4 Qd8
59. Qxd8 Rxd8 60. f4 Kd6 61. g4 Ke6 62. Kf3 Rh8 63. g5 Rh1 64. Bg6 Rh3+ 65. Ke4
Rh4 66. Bf5+ Kd6 67. Bc8 Rh8 68. Ba6 Rh4 69. Kf5 Ke7 70. Ke5 Rg4 71. Bc4 Kf8
72. Be6 Rh4 73. f5 Rh5 74. Kf6 Rh3 75. Bc4 Rh7 76. g6 Rc7 77. Be6 Rb7 78. Ke5
Rb4 79. f6 1-0

[Event "Hilton Open 2012"]
[Site "Basel"]
[Date "2012.01.02"]
[Round "3"]
[White "Toth, Ilona"]
[Black "Deubelbeiss, Rene"]
[Result "0-1"]
[WhiteElo "2146"]
[BlackElo "2007"]
[PlyCount "66"]
[EventDate "2012.??.??"]
[EventRounds "7"]
[EventCountry "SUI"]
[SourceDate "2012.01.01"]

1. e4 d6 2. d4 Nf6 3. Nc3 g6 4. f3 Bg7 5. Be3 c6 6. Qd2 Qa5 7. Nge2 Nbd7 8. g4
b5 9. Nc1 b4 10. Nd1 O-O 11. Nb3 Qc7 12. Qxb4 a5 13. Qd2 a4 14. Nc1 e5 15. c3
d5 16. g5 Nh5 17. Nf2 exd4 18. cxd4 c5 19. dxc5 Ne5 20. Be2 d4 21. Bxd4 Rd8 22.
Bxe5 Bxe5 23. Ncd3 a3 24. Qc2 axb2 25. Rb1 Rxa2 26. Nxe5 Qxe5 27. Nd3 Qxg5 28.
Rxb2 Rxb2 29. Qxb2 Ba6 30. c6 Bxd3 31. c7 Qa5+ 32. Qd2 Qxc7 33. Bxd3 Nf4 0-1

[Event "Hilton Open 2012"]
[Site "Basel"]
[Date "2012.01.02"]
[Round "3"]
[White "Dunn, Alan"]
[Black "Sand, Rolf"]
[Result "1-0"]
[WhiteElo "2135"]
[BlackElo "2000"]
[PlyCount "69"]
[EventDate "2012.??.??"]
[EventRounds "7"]
[EventCountry "SUI"]
[SourceDate "2012.01.01"]

1. e4 c5 2. Nf3 d6 3. d4 cxd4 4. Nxd4 Nf6 5. Nc3 a6 6. Be3 e5 7. Nb3 Be6 8. f3
Be7 9. Qd2 O-O 10. O-O-O Nbd7 11. g4 b5 12. Kb1 Nb6 13. Qf2 Nfd7 14. h4 Qc7 15.
g5 Nc4 16. Bc1 Rac8 17. Bxc4 Bxc4 18. h5 b4 19. Nd5 Bxd5 20. exd5 a5 21. Rhg1
a4 22. Na1 Nb6 23. f4 exf4 24. Qxf4 Nc4 25. Rgf1 Rb8 26. h6 Ne5 27. hxg7 Kxg7
28. Rh1 Rh8 29. Be3 Qc4 30. Bd4 Qxd5 31. Rhe1 Qc6 32. Bxe5+ dxe5 33. Qxe5+ Kg6
34. Qxe7 Rhe8 35. Rd6+ 1-0

[Event "Hilton Open 2012"]
[Site "Basel"]
[Date "2012.01.02"]
[Round "3"]
[White "Minko, Vladimir"]
[Black "Klamp, Christoph"]
[Result "1-0"]
[WhiteElo "2038"]
[BlackElo "2106"]
[PlyCount "79"]
[EventDate "2012.??.??"]
[EventRounds "7"]
[EventCountry "SUI"]
[SourceDate "2012.01.01"]

1. c4 f5 2. g3 Nf6 3. Bg2 g6 4. Nc3 Bg7 5. d4 O-O 6. Nf3 d6 7. O-O c6 8. d5 Bd7
9. Nd4 Qc8 10. Bg5 Na6 11. Qd2 Nc5 12. Bh6 a6 13. Bxg7 Kxg7 14. Rac1 Nce4 15.
Nxe4 fxe4 16. Qe3 c5 17. Nc2 Bh3 18. Qc3 Bxg2 19. Kxg2 b5 20. b3 Qg4 21. Rce1
Kg8 22. f4 Rab8 23. Ne3 Qd7 24. f5 bxc4 25. bxc4 Qa4 26. fxg6 hxg6 27. Rf4 Qxa2
28. Ng4 Qb2 29. Qe3 Kg7 30. Nxf6 exf6 31. Rxe4 Rf7 32. Rf1 Rb3 33. Qf4 a5 34.
Qxd6 a4 35. Re8 a3 36. Qd8 a2 37. Rg8+ Kh6 38. Rh8+ Kg5 39. h4+ Kg4 40. Rf4#
1-0

[Event "Hilton Open 2012"]
[Site "Basel"]
[Date "2012.01.02"]
[Round "3"]
[White "Roesch, Mario"]
[Black "Berset, Philippe"]
[Result "0-1"]
[WhiteElo "1975"]
[BlackElo "2109"]
[PlyCount "118"]
[EventDate "2012.??.??"]
[EventRounds "7"]
[EventCountry "SUI"]
[SourceDate "2012.01.01"]

1. e4 e6 2. d3 c5 3. Nf3 Nc6 4. g3 g6 5. Bg2 Bg7 6. O-O Nge7 7. c3 d6 8. Qe2
O-O 9. a4 e5 10. Nfd2 Be6 11. Nc4 Qd7 12. Nba3 d5 13. exd5 Bxd5 14. f3 Rab8 15.
Be3 b6 16. Bf2 Rfd8 17. Rfd1 Nf5 18. Qc2 Qb7 19. g4 Nfe7 20. Ne3 Be6 21. Nac4
Qd7 22. Qe2 Rf8 23. Kh1 f5 24. Bh3 fxg4 25. Bxg4 Rf7 26. Bg3 Nf5 27. Nxf5 Bxf5
28. Ne3 Be6 29. Rf1 Rd8 30. Rad1 Qe7 31. Bh4 Bf6 32. Bxe6 Qxe6 33. Bxf6 Qxf6
34. Ng4 Qf4 35. Qd2 Kg7 36. Qxf4 exf4 37. Rfe1 Re7 38. Rxe7+ Nxe7 39. d4 cxd4
40. Rxd4 Rxd4 41. cxd4 Kf7 42. Kg2 Ke6 43. Kf2 h5 44. Ne5 Kd5 45. Nd3 g5 46. h4
gxh4 47. Nxf4+ Kxd4 48. Ke2 Kc4 49. Kd2 Kb3 50. Kc1 Kxa4 51. Nh3 Kb3 52. Kb1 a5
53. f4 b5 54. Ng1 a4 55. Nf3 h3 56. Nh2 b4 57. Nf3 Kc4 58. Kc2 Kd5 59. Kd3 a3
0-1

[Event "Hilton Open 2012"]
[Site "Basel"]
[Date "2012.01.02"]
[Round "3"]
[White "Goettelmann, Guillaume"]
[Black "Gass, Ulrich"]
[Result "0-1"]
[WhiteElo "1991"]
[BlackElo "2101"]
[PlyCount "64"]
[EventDate "2012.??.??"]
[EventRounds "7"]
[EventCountry "SUI"]
[SourceDate "2012.01.01"]

1. d4 Nf6 2. Nf3 c5 3. d5 b5 4. c4 e6 5. Bg5 h6 6. Bxf6 Qxf6 7. e4 Qxb2 8. Nbd2
b4 9. Bd3 d6 10. O-O Qa3 11. Ne1 e5 12. Qe2 g6 13. f4 Nd7 14. Nc2 Qa5 15. a3
Qd8 16. axb4 cxb4 17. Kh1 exf4 18. Nxb4 Bg7 19. Ra3 Qh4 20. Nf3 Qh5 21. Qf2 O-O
22. Rxa7 Rxa7 23. Qxa7 g5 24. Qc7 g4 25. Ng1 Be5 26. Nc6 f3 27. Nxe5 Nxe5 28.
Bc2 g3 29. h3 f2 30. Qxd6 fxg1=R+ 31. Kxg1 Bxh3 32. Bd1 Bg4 0-1

[Event "Hilton Open 2012"]
[Site "Basel"]
[Date "2012.01.02"]
[Round "3"]
[White "Ditzler, Juerg"]
[Black "Sperzel, Bernd"]
[Result "0-1"]
[WhiteElo "2061"]
[BlackElo "1983"]
[PlyCount "92"]
[EventDate "2012.??.??"]
[EventRounds "7"]
[EventCountry "SUI"]
[SourceDate "2012.01.01"]

1. Nf3 d5 2. d4 Nf6 3. c4 e6 4. Nc3 c6 5. e3 Nbd7 6. Bd3 Bd6 7. O-O dxc4 8.
Bxc4 b5 9. Bd3 Bb7 10. a3 a6 11. e4 Be7 12. Bg5 h6 13. Bh4 O-O 14. Rc1 c5 15.
e5 Nd5 16. Bxe7 Nxc3 17. Bxd8 Nxd1 18. Rfxd1 Rfxd8 19. dxc5 Bxf3 20. gxf3 Nxe5
21. Be4 Rxd1+ 22. Rxd1 Rc8 23. b4 Nc4 24. Bb7 Rc7 25. c6 Kf8 26. Bxa6 Nxa3 27.
Rc1 Ke7 28. Rc3 Nb1 29. Rb3 Rxc6 30. Bxb5 Rc1+ 31. Kg2 Nd2 32. Rd3 Nc4 33. Rd7+
Kf6 34. f4 Nb6 35. Rb7 Nd5 36. f5 exf5 37. Be8 g5 38. Rxf7+ Ke5 39. Bd7 Nf4+
40. Kg3 Rc3+ 41. f3 Nh5+ 42. Kf2 Nf6 43. Re7+ Kf4 44. Ba4 Nd5 45. Rd7 Rxf3+ 46.
Ke1 Nb6 0-1

[Event "Hilton Open 2012"]
[Site "Basel"]
[Date "2012.01.02"]
[Round "3"]
[White "Moos, Gerd"]
[Black "Benoughidene, Ouaheb"]
[Result "0-1"]
[WhiteElo "2016"]
[BlackElo "1824"]
[PlyCount "76"]
[EventDate "2012.??.??"]
[EventRounds "7"]
[EventCountry "SUI"]
[SourceDate "2012.01.01"]

1. e4 c5 2. c3 d5 3. exd5 Qxd5 4. d4 Nf6 5. Nf3 cxd4 6. cxd4 g6 7. Nc3 Qd8 8.
Bc4 Bg7 9. O-O O-O 10. h3 Na6 11. Re1 e6 12. Bf4 Nb4 13. Rc1 Nbd5 14. Be5 Nb6
15. Bb3 Bh6 16. Rc2 Nfd5 17. Ne4 f6 18. Bh2 a5 19. a3 Bf4 20. Bxf4 Nxf4 21. Nc5
Nbd5 22. Nd3 Kh8 23. Nxf4 Nxf4 24. Qd2 Qd6 25. Bc4 Bd7 26. Bf1 Bc6 27. Rc3 Rad8
28. Rd1 Rd7 29. g3 Nd5 30. Rcc1 Ne7 31. Bg2 Nf5 32. Qxa5 Bxf3 33. Bxf3 Nxd4 34.
Qc3 e5 35. Re1 Rff7 36. Bg2 Rc7 37. Qe3 Nc2 38. Rxc2 Rxc2 0-1

[Event "Hilton Open 2012"]
[Site "Basel"]
[Date "2012.01.03"]
[Round "4"]
[White "Bartel, Mateusz"]
[Black "Heimann, Andreas"]
[Result "1-0"]
[WhiteElo "2658"]
[BlackElo "2459"]
[PlyCount "81"]
[EventDate "2012.??.??"]
[EventRounds "7"]
[EventCountry "SUI"]
[SourceDate "2012.01.01"]

1. e4 e5 2. Nf3 Nc6 3. d4 exd4 4. Nxd4 Nf6 5. Nxc6 bxc6 6. e5 Qe7 7. Qe2 Nd5 8.
Nd2 g6 9. c4 Ba6 10. Nf3 Qb4+ 11. Kd1 Rb8 12. Qc2 Ne7 13. Qb3 c5 14. Qxb4 Rxb4
15. b3 Nc6 16. Bd3 Rb8 17. Be4 Bb7 18. Re1 Bg7 19. Ba3 O-O 20. Bxc6 Bxc6 21.
Bxc5 d6 22. Bxa7 Rbd8 23. Kc2 Bxf3 24. gxf3 Bxe5 25. Rxe5 dxe5 26. Bc5 Rfe8 27.
a4 Re6 28. a5 Ra6 29. b4 Rda8 30. Rd1 Kg7 31. Kb3 Rf6 32. Rd3 Rf4 33. Be7 e4
34. fxe4 Rxf2 35. Bd8 Rxh2 36. Bxc7 Rh1 37. b5 h5 38. Kb4 Rb1+ 39. Rb3 Rd1 40.
b6 Rd7 41. b7 1-0

[Event "Hilton Open 2012"]
[Site "Basel"]
[Date "2012.01.03"]
[Round "4"]
[White "Skembris, Spyridon"]
[Black "Turov, Maxim"]
[Result "0-1"]
[WhiteElo "2463"]
[BlackElo "2645"]
[PlyCount "154"]
[EventDate "2012.??.??"]
[EventRounds "7"]
[EventCountry "SUI"]
[SourceDate "2012.01.01"]

1. d4 Nf6 2. c4 c5 3. d5 b5 4. cxb5 a6 5. bxa6 g6 6. Nc3 Bxa6 7. e4 Bxf1 8.
Kxf1 d6 9. Nf3 Bg7 10. h3 O-O 11. Kg1 Nbd7 12. Kh2 Qa5 13. Re1 Rfb8 14. Re2 Ne8
15. Rc2 Nc7 16. Bd2 Nb5 17. Qe2 Nd4 18. Nxd4 cxd4 19. Nd1 Qa7 20. f3 Nc5 21.
Rcc1 d3 22. Qe3 Na4 23. Qxa7 Rxa7 24. Rab1 Nxb2 25. Nxb2 Rab7 26. f4 Rxb2 27.
Rxb2 Rxb2 28. Rd1 Rxa2 29. Kg3 Bd4 30. Kf3 Kf8 31. e5 dxe5 32. Ke4 f5+ 33. Kxd3
Ra3+ 34. Kc4 Rg3 35. Bb4 Rxg2 36. d6 exd6 37. Bxd6+ Kf7 38. fxe5 Bb2 39. Kd5
Re2 40. Rd3 g5 41. Bb8 Bc1 42. Kc6 Bf4 43. Kd5 Kg6 44. Rf3 Bh2 45. Ke6 f4 46.
Rc3 Re3 47. Rc2 Bg3 48. Ba7 Re1 49. Rc3 f3 50. Rxf3 Rxe5+ 51. Kd7 Rf5 52. Re3
h5 53. Rxg3 Rf7+ 54. Ke6 Rxa7 55. h4 Ra6+ 56. Ke5 Ra5+ 57. Ke6 g4 58. Rb3 Ra1
59. Ke5 Rh1 60. Rb6+ Kf7 61. Rb7+ Ke8 62. Kf4 Rxh4 63. Kg3 Rh3+ 64. Kg2 Rc3 65.
Rh7 Rh3 66. Ra7 Kf8 67. Rb7 Kg8 68. Kg1 Kf8 69. Rh7 Ke8 70. Rh8+ Kf7 71. Rh7+
Kg6 72. Rh8 Rg3+ 73. Kh1 Kg5 74. Rg8+ Kf4 75. Rf8+ Ke3 76. Rh8 Kf2 77. Rxh5
Rg1+ 0-1

[Event "Hilton Open 2012"]
[Site "Basel"]
[Date "2012.01.03"]
[Round "4"]
[White "Schmidt Schaeffer, Sebastian"]
[Black "Pelletier, Yannick"]
[Result "0-1"]
[WhiteElo "2376"]
[BlackElo "2589"]
[PlyCount "80"]
[EventDate "2012.??.??"]
[EventRounds "7"]
[EventCountry "SUI"]
[SourceDate "2012.01.01"]

1. f4 d5 2. Nf3 g6 3. e3 Bg7 4. Be2 Nd7 5. d4 c5 6. O-O Ngf6 7. Nc3 O-O 8. a4
b6 9. Ne5 Bb7 10. a5 Nxe5 11. dxe5 Ne8 12. a6 Bc6 13. b4 Nc7 14. bxc5 bxc5 15.
Na4 Ne6 16. Bg4 Bb5 17. Rf2 Qa5 18. Bd2 Qc7 19. Bxe6 fxe6 20. Bc3 Bxa6 21. Nb2
Bb5 22. Ba5 Qc6 23. c4 dxc4 24. Bc3 a6 25. Qf3 Qd5 26. h4 h6 27. Rd1 Qxf3 28.
Rxf3 a5 29. Ra1 a4 30. Ra3 g5 31. hxg5 hxg5 32. g3 Kh7 33. Rf1 Kg6 34. Nd1 Bc6
35. Ba1 Rfd8 36. Nf2 Rd2 37. Bc3 Rc2 38. Rd1 Rb8 39. e4 Rb3 40. Rxb3 cxb3 0-1

[Event "Hilton Open 2012"]
[Site "Basel"]
[Date "2012.01.03"]
[Round "4"]
[White "Kozhuharov, Spas"]
[Black "Ghaem Maghami, Ehsan"]
[Result "1/2-1/2"]
[WhiteElo "2432"]
[BlackElo "2570"]
[PlyCount "36"]
[EventDate "2012.??.??"]
[EventRounds "7"]
[EventCountry "SUI"]
[SourceDate "2012.01.01"]

1. d4 Nf6 2. c4 e6 3. Nc3 Bb4 4. Qc2 O-O 5. a3 Bxc3+ 6. Qxc3 b6 7. Bg5 Bb7 8.
f3 c5 9. dxc5 bxc5 10. e3 Qe7 11. Bd3 d5 12. Ne2 Nbd7 13. O-O Qd6 14. Rfd1 Qb6
15. Rac1 Rac8 16. Bh4 Rfe8 17. Bf2 Ba6 18. b3 h6 1/2-1/2

[Event "Hilton Open 2012"]
[Site "Basel"]
[Date "2012.01.03"]
[Round "4"]
[White "Nikolov, Momchil"]
[Black "Cherniaev, Alexander"]
[Result "1/2-1/2"]
[WhiteElo "2560"]
[BlackElo "2469"]
[PlyCount "42"]
[EventDate "2012.??.??"]
[EventRounds "7"]
[EventCountry "SUI"]
[SourceDate "2012.01.01"]

1. d4 Nf6 2. c4 d6 3. Nc3 e5 4. Nf3 e4 5. Ng5 Bf5 6. g4 Bxg4 7. Bg2 Nc6 8.
Ngxe4 Nxe4 9. Bxe4 f5 10. Bg2 Be7 11. Nd5 Bh5 12. Qd3 O-O 13. h4 Qd7 14. Bd2
Bf6 15. Nf4 Bf7 16. Bc3 a5 17. Nd5 Bxd5 18. Bxd5+ Kh8 19. a3 a4 20. O-O-O Na5
21. Kb1 c6 1/2-1/2